| 000 | 00469nam a2200181Ia 4500 | ||
|---|---|---|---|
| 001 | 3744 | ||
| 005 | 20260306145706.0 | ||
| 008 | 260306t1977||||xx |||||||||||||| ||spa|| | ||
| 041 | _aESP | ||
| 082 |
_a302.23 _bG25 |
||
| 100 |
_aGargurevich Regal, Juan _eAUT |
||
| 245 | 0 | _aIntroducción a la historia de los medios de comunicación en el Perú | |
| 260 | _c1977 | ||
| 300 |
_a217 páginas : _c20 cm. |
||
| 650 | _aGEN | ||
| 654 | _aCED | ||
| 942 |
_cLIB _dJUS _fJUS _2ddc _n |
||
| 999 |
_c3744 _d3744 |
||